[Дирижирует] Евгений Светланов (Запись № 13282345)

Подробности
000 -МАРКЕР
контрольное поле 06866njm0a2200481 4500
001 - ИДЕНТИФИКАТОР ЗАПИСИ
контрольное поле RU\NLR\ONIZ\197884
005 - ИДЕНТИФИКАТОР ВЕРСИИ
контрольное поле 20250708192237.0
035 ## - ДРУГИЕ СИСТЕМНЫЕ НОМЕРА
Идентификатор записи (NLR Aleph) 010405419
071 00 - ИЗДАТЕЛЬСКИЙ НОМЕР
Номер, присвоенный агентством RDCD 00892
100 ## - ДАННЫЕ ОБЩЕЙ ОБРАБОТКИ
Данные общей обработки 20140313d2012 |||y0rusy50 ca
102 ## - СТРАНА ПУБЛИКАЦИИ ИЛИ ПРОИЗВОДСТВА
Страна публикации Российская Федерация
126 ## - ПОЛЕ КОДИРОВАННЫХ ДАННЫХ: ЗВУКОЗАПИСИ - ФИЗИЧЕСКИЕ ХАРАКТЕРИСТИКИ
Кодированные данные звукозаписи (общие) aguxjxu ux
Кодированные данные звукозаписи (уточнения) xxx
127 ## - ПОЛЕ КОДИРОВАННЫХ ДАННЫХ: ПРОДОЛЖИТЕЛЬНОСТЬ ЗВУКОЗАПИСЕЙ И НОТНЫХ ИЗДАНИЙ (МУЗЫКАЛЬНОЕ ИСПОЛНЕНИЕ)
Продолжительность 000067
135 ## - ПОЛЕ КОДИРОВАННЫХ ДАННЫХ: ЭЛЕКТРОННЫЕ РЕСУРСЫ
Кодированные данные для электронного ресурса honoannnanndn
200 1# - ЗАГЛАВИЕ И СВЕДЕНИЯ ОБ ОТВЕТСТВЕННОСТИ
Основное заглавие [Дирижирует] Евгений Светланов
Общее обозначение материала Звукозапись
Первые сведения об ответственности исполняет : Государственный академический симфонический оркестр
210 ## - ПУБЛИКАЦИЯ, РАСПРОСТРАНЕНИЕ И ДР.
Место издания, распространения и т.д. Москва
Имя издателя, распространителя и т. д. Фонд Евгения Светланова
Дата издания, распространения и т.д. 2012
215 ## - ФИЗИЧЕСКАЯ ХАРАКТЕРИСТИКА
Специфическое обозначение материала и объем 1зв. диск (67 мин)
Сопроводительный материал прил. (10 с.)
Размеры 12 см, в футл.
225 1# - СЕРИЯ
Основное заглавие серии Антология русской симфонической музыки
300 ## - ОБЩИЕ ПРИМЕЧАНИЯ
Текст примечания Записи 1963, 1966, 1967, 1974, 1977, 1990 гг
327 1# - ПРИМЕЧАНИЯ О СОДЕРЖАНИИ
Текст примечания 1. Первоначальная полька : Си бемоль мажор / М. И. Глинка ; инструментовка М. Балакирева ;
-- 2. Танцы из оперы "Руслан и Людмила" : танцы в замке Наины (д. 3), восточные танцы в замке Черномора (д. 4) (турецкий, арабский, лезгинка) / М. И. Глинка.
-- 3. В Средней Азии : музыкальная картина / А. П. Бородин ;
-- 4. Увертюра к опере "Князь Игорь" / А. П. Бородин ;
-- 5. Половецкие пляски с хором : из оперы "Князь Игорь" (д. 3) / А. П. Бородин ;
-- 6. Половецкий марш из оперы "Князь Игорь" (д. 3) / А. П. Бородин
464 #0 - АНАЛИТИЧЕСКИЙ УРОВЕНЬ
Встроенное поле 2001#$aПервоначальная полька$eСи бемоль мажор$fМ. И. Глинка$gинструментовка М. Балакирева
-- 6061#$xЗвукозапись$aПольки для оркестра$yРоссия$z19 век$2nlr_sh
-- 686##$aЩ951.1-058.55(28)$vLBC/SL$2rubbk
-- 701#1$9z01790$aГлинка$bМ. И.$gМихаил Иванович$f1804-1857$4230$7ca
-- 702#1$9z01790$aБалакирев$bМ. А.$gМилий Алексеевич$f1837-1910$4230$7ca
-- 790#1$9z01701$aGlinka$bM. I.$gMichail Ivanovič$f1804-1857$4230$7ba
-- 790#1$9z01702$aBalakirev$bM. A.$gMilij Alekseevich$f1837-1910$4230$7ba
Заглавие Первоначальная полька
464 #0 - АНАЛИТИЧЕСКИЙ УРОВЕНЬ
Встроенное поле 2001#$aТанцы из оперы "Руслан и Людмила"$eтанцы в замке Наины (д. 3), восточные танцы в замке Черномора (д. 4) (турецкий, арабский, лезгинка)$fМ. И. Глинка
-- 50000$aРуслан и Людмила$iтанцы в замке Наины$iтанцы в замке Черномора (турецкий, арабский, лезгинка)$bЗвукозапись$lопера$rсимфонический оркестр
-- 6061#$aТанцы и опер$yРоссия$z19 век$jЗвукозапись$2nlr_sh
-- 6061#$aТанцы для симфонического оркестра$yРоссия$z19 век$jЗвукозапись$2nlr_sh
-- 686##$aЩ951.1-071.2я44(28)$vLBC/SL$2rubbk
-- 686##$aЩ951.1-058.55я44(28)$vLBC/SL$2rubbk
-- 701#1$9z01790$aГлинка$bМ. И.$gМихаил Иванович$f1804-1857$4230$7ca
-- 790#1$9z01701$aGlinka$bM. I.$gMichail Ivanovič$f1804-1857$4230$7ba
Заглавие Танцы из оперы "Руслан и Людмила"
464 #0 - АНАЛИТИЧЕСКИЙ УРОВЕНЬ
Встроенное поле 2001#$aВ Средней Азии$eмузыкальная картина$fА. П. Бородин
-- 6061#$aМузыкальные картины для симфонического оркестра$yРоссия$z19-20 вв$jЗвукозапись$2nlr_sh
-- 686##$aЩ951.1-058.1(28)$vLBC/SL$2rubbk
-- 701#1$9z01790$aБородин$bА. П.$gАлександр Порфирьевич$f1833-1887$4230$7ca
-- 790#1$9z01701$aBorodin$bA. P.$gAleksandr Porfir`evič$f1833-1887$4230$7ba
Заглавие В Средней Азии
464 #0 - АНАЛИТИЧЕСКИЙ УРОВЕНЬ
Встроенное поле 2001#$aУвертюра к опере "Князь Игорь"$fА. П. Бородин
-- 50000$aКнязь Игорь$iувертюра$lопера$rсимфонический оркестр$bЗвукозапись
-- 6061#$aУвертюры к операм$yРоссия$z19 век$jЗвукозапись$2nlr_sh
-- 686##$aЩ951.1-071.2(28)$vLBC/SL$2rubbk
-- 701#1$9z01790$aБородин$bА. П.$gАлександр Порфирьевич$f1833-1887$4230$7ca
-- 790#1$9z01701$aBorodin$bA. P.$gAleksandr Porfir`evič$f1833-1887$4230$7ba
Заглавие Увертюра к опере "Князь Игорь"
464 #0 - АНАЛИТИЧЕСКИЙ УРОВЕНЬ
Встроенное поле 2001#$aПоловецкие пляски с хором$eиз оперы "Князь Игорь" (д. 2)$fА. П. Бородин
-- 50000$aКнязь Игорь$iПоловецкие пляски с хором (д. 2)$bЗвукозапись$lопера$rсимфонический оркестр$rхор
-- 686##$aЩ971(28)$vLBC/SL$2rubbk
-- 701#1$9z01790$aБородин$bА. П.$gАлександр Порфирьевич$f1833-1887$4230$7ca
-- 790#1$9z01701$aBorodin$bA. P.$gAleksandr Porfir`evič$f1833-1887$4230$7ba
Заглавие Половецкие пляски с хором
464 #0 - АНАЛИТИЧЕСКИЙ УРОВЕНЬ
Встроенное поле 2001#$aПоловецкий марш из оперы "Князь Игорь" (д. 3)$fА. П. Бородин
-- 50000$aКнязь Игорь$iПоловецкий марш (д. 3)$bЗвукозапись$lопера$rсимфонический оркестр
-- 6061#$aМарши для симфонического оркестра$yРоссия$z19 век$jЗвукозапись$2nlr_sh
-- 686##$aЩ951.1-071.2(28)$vLBC/SL$2rubbk
-- 686##$aЩ951.1-058.53(28)$vLBC/SL$2rubbk
-- 701#1$9z01790$aБородин$bА. П.$gАлександр Порфирьевич$f1833-1887$4230$7ca
-- 790#1$9z01701$aBorodin$bA. P.$gAleksandr Porfir`evič$f1833-1887$4230$7ba
Заглавие Половецкий марш из оперы "Князь Игорь" (д. 3)
606 1# - НАИМЕНОВАНИЕ ТЕМЫ КАК ПРЕДМЕТ
Наименование темы Музыка симфоническая русская
Хронологический подзаголовок 19 век
Формальный подзаголовок Звукозапись
Код системы nlr_sh
606 1# - НАИМЕНОВАНИЕ ТЕМЫ КАК ПРЕДМЕТ
Наименование темы Дирижёры советские российские
Хронологический подзаголовок 20 в.
Формальный подзаголовок Звукозапись
Код системы nlr_sh
606 1# - НАИМЕНОВАНИЕ ТЕМЫ КАК ПРЕДМЕТ
Наименование темы Танцы из опер
Тематический подзаголовок Звукозапись
Географический подзаголовок Россия
Хронологический подзаголовок 19 век
Код системы nlr_sh
686 ## - ИНДЕКСЫ ДРУГИХ КЛАССИФИКАЦИЙ
Индекс Щ951.1, 8(2)
Издание LBC/SL
Код системы
700 #1 - ИМЯ ЛИЦА - ПЕРВИЧНАЯ ОТВЕТСТВЕННОСТЬ
Системный номер авторитетной/нормативной записи z02790
Начальный элемент ввода Светланов
Часть имени, кроме начального элемента ввода Е. Ф.
Даты 1928-2002
Расширение инициалов личного имени Евгений Федорович
Код отношения Дирижер, Руководитель оркестра
Графика поля Кириллица
712 02 - НАИМЕНОВАНИЕ ОРГАНИЗАЦИИ - ВТОРИЧНАЯ ОТВЕТСТВЕННОСТЬ
Начальный элемент ввода Государственный академический симфонический оркестр
Код отношения Исполнитель
Графика поля Кириллица
790 #1 - ИМЯ ЛИЦА - АЛЬТЕРНАТИВНАЯ ФОРМА
Системный номер авторитетной/нормативной записи z02700
Начальный элемент ввода Svetlanov
Часть имени, кроме начального элемента ввода E.
Даты 1928-2002
Расширение инициалов личного имени Evgenij
Код отношения Дирижер, Руководитель оркестра
Графика поля Латинская
801 #0 - ИСТОЧНИК ЗАПИСИ
Страна Российская Федерация
Организация NLR
Дата составления 20140313
Правила каталогизации PSBO
801 #1 - ИСТОЧНИК ЗАПИСИ
Страна Российская Федерация
Организация NLR
Дата составления 20140313
Источник данных rusmarc
801 #2 - ИСТОЧНИК ЗАПИСИ
Страна Российская Федерация
Организация NLR
Дата составления 20220715
852 ## - МЕСТОНАХОЖДЕНИЕ И ШИФР ХРАНЕНИЯ
Идентификатор организации NLR
Наименование фонда или коллекции (Sub-Location Identifier) Мг
Шифр хранения (Call Number) Д/1873
Страна
Номер экземпляра 1
942 ## - ДОПОЛНИТЕЛЬНЫЕ ЭЛЕМЕНТЫ ЗАПИСИ (АБИС)
Тип экземпляра АБИС Звукозапись
980 ## - КОЛЛЕКЦИЯ
Название коллекции Национальная библиография
980 ## - КОЛЛЕКЦИЯ
Название коллекции Отдел нот и звукозаписей
Экземпляры
Тип экземпляра Дата поступления Библиотека постоянного хранения Библиотека текущего хранения Место хранения Шифр хранения Статус экземпляра
Звукозапись 13.03.2014 РНБ (Московский) РНБ (Московский) Фонд нот и звукозаписей Д/1873 Д/1873